00416nam a2200157Ia 4500008004100000020001500041041001200056082001100068100002000079245008400099250000800183260002500191300000900216650001400225700001900239221030s9999 xx 000 0 und d a8120329553 aEnglish a105.23 aA. S. Tanenbaum 0aOperating Systems - Design & Implementationcby A. S. Tanenbaum, A. S. Woodhull a3rd bPHIaNew Delhic2010 a1054 aComputers aA. S. Woodhull